| 000 | 00730nam a2200241 i 4500 | ||
|---|---|---|---|
| 001 | 8645 | ||
| 003 | ES-MaACL | ||
| 005 | 20230906145514.0 | ||
| 007 | t| | ||
| 008 | 920818s1989 sp ||||1| spa d | ||
| 020 | _a84-87075-06-1 | ||
| 080 | _a839.71-23"19" | ||
| 100 | 1 |
_aNorén, Lars. _985975 |
|
| 245 | 1 | 3 |
_aLa noche es madre del día / _cLars Norén ; [traducción, Francisco J. Uriz]. |
| 260 |
_aMadrid : _bEl Público, Centro de Documentación Teatral, _c1989. |
||
| 300 |
_a170 p. ; _c22 cm. |
||
| 490 | 1 |
_aTeatro ; _v6 |
|
| 700 | 1 |
_aUriz, Francisco J. _9112181 |
|
| 710 | 1 |
_aCentro de Documentación Teatral (España) _92605 |
|
| 830 | 1 |
_aTeatro ; _v6 _9178026 |
|
| 852 |
_aES-MaACL _jL-16082 |
||
| 999 |
_c8645 _d8645 |
||